The Construction (Design and Management) Regulations 2015 (Record no. 115407)
[ view plain ]
| 000 -LEADER | |
|---|---|
| fixed length control field | 02029cad a22002655a 4500 |
| 001 - CONTROL NUMBER | |
| control field | L158590 |
| 008 - FIXED-LENGTH DATA ELEMENTS--GENERAL INFORMATION | |
| fixed length control field | 011219s2015 xxk f 000 0 eng d |
| 035 ## - SYSTEM CONTROL NUMBER | |
| System control number | (Sirsi) u158590 |
| 041 0# - LANGUAGE CODE | |
| Language code of text/sound track or separate title | eng |
| 050 04 - LIBRARY OF CONGRESS CALL NUMBER | |
| Classification number | 690.22 $2 18 |
| 110 1# - MAIN ENTRY--CORPORATE NAME | |
| Corporate name or jurisdiction name as entry element | United Kingdom |
| Form subheading | Laws, etc |
| 9 (RLIN) | 5044 |
| 240 ## - UNIFORM TITLE | |
| Uniform title | CDM 2015 |
| 245 04 - TITLE STATEMENT | |
| Title | The Construction (Design and Management) Regulations 2015 |
| Medium | [electronic resource] |
| 260 ## - PUBLICATION, DISTRIBUTION, ETC. | |
| Place of publication, distribution, etc. | London |
| Name of publisher, distributor, etc. | HM Government |
| Date of publication, distribution, etc. | 2015 |
| 490 #0 - SERIES STATEMENT | |
| Series statement | SI |
| Volume/sequential designation | 2015: 51 |
| 505 2# - FORMATTED CONTENTS NOTE | |
| Formatted contents note | Introduction -- Client duties -- Health and safety duties and roles -- General requirements for all construction sites -- General -- Schedule 1: Particulars to be notified under regulation 6 -- Schedule 2: Minimum welfare facilities required for construction sites -- Schedule 3: Work involving particular risks -- Schedule 4: Transitional and saving provisions -- Schedule 5: Amendments -- Explantory note. |
| 520 ## - SUMMARY, ETC. | |
| Summary, etc. | These Regulations may be cited as the Construction (Design and Management) Regulations 2015 and come into force on 6th April 2015. The 2015 Regulations are intended to protect persons from health and safety risks arising from construction work through the establishment of a systematic framework for management of those risks. The instrument revokes and replaces the Construction (Design and Management) Regulations 2007. The 2015 Regulations are shorter and more linear in structure than the 2007 Regulations and aim to facilitate better understanding by the small businesses which predominate in the construction industry. The 2015 Regulations also provide for a more streamlined and less bureaucratic approach to co-ordination of health and safety information during construction projects. |
| 590 ## - LOCAL NOTE (RLIN) | |
| Local note | KA |
| 650 24 - SUBJECT ADDED ENTRY--TOPICAL TERM | |
| Topical term or geographic name entry element | CONSTRUCTION (DESIGN AND MANAGEMENT) REGULATIONS 2015 |
| 650 24 - SUBJECT ADDED ENTRY--TOPICAL TERM | |
| Topical term or geographic name entry element | CDM 2015 |
| 651 #4 - SUBJECT ADDED ENTRY--GEOGRAPHIC NAME | |
| Geographic name | Great Britain |
| Chronological subdivision | 1707- |
| 690 ## - LOCAL SUBJECT ADDED ENTRY--TOPICAL TERM (OCLC, RLIN) | |
| Topical term or geographic name as entry element | Design and specification |
| 856 41 - ELECTRONIC LOCATION AND ACCESS | |
| Uniform Resource Identifier | <a href="https://www.legislation.gov.uk/uksi/2015/51/contents/made">https://www.legislation.gov.uk/uksi/2015/51/contents/made</a> |
| Public note | View this item free of charge at www.legislation.gov.uk |
| 942 ## - ADDED ENTRY ELEMENTS (KOHA) | |
| Suppress in OPAC | 0 |
| Withdrawn status | Lost status | Source of classification or shelving scheme | Damaged status | Not for loan | Home library | Current library | Shelving location | Date acquired | Total Checkouts | Full call number | Barcode | Date last seen | Copy number | Price effective from | Koha item type |
|---|---|---|---|---|---|---|---|---|---|---|---|---|---|---|---|
| Dewey Decimal Classification | Virtual | Virtual | Online | 07/05/2015 | ONLINE PUBLICATION | 158590-2001 | 06/08/2019 | 1 | 06/08/2019 | Book |